Piłkarze FC Barcelony wg numeru na koszulce - Statystyki

Ogólne statystyki
  • Ten quiz został rozwiązany 372 razy
  • Średni wynik to 19 z 26
Statystyki odpowiedzi
Nr Zawodnik % Poprawnych
9 Robert Lewandowski
96%
19 Lamine Yamal
94%
1 Marc-André ter Stegen
91%
8 Pedri
90%
6 Gavi
89%
25 Wojciech Szczesny
88%
2 Pau Cubarsí
82%
4 Ronald Araujo
80%
3 Alejandro Balde
79%
13 Iñaki Peña
77%
11 Raphinha
77%
7 Ferran Torres
76%
35 Gerard Martín
75%
5 Iñigo Martínez
74%
20 Dani Olmo
72%
21 Frenkie de Jong
72%
14 Pablo Torre
72%
23 Jules Koundé
70%
10 Ansu Fati
67%
24 Eric García
59%
16 Fermín López
57%
17 Marc Casadó
57%
15 Andreas Christensen
55%
18 Pau Víctor
52%
32 Héctor Fort
49%
28 Marc Bernal
41%
Nie znaleziono quizów pasujących do podanych kryteriów
Rozkład punktacji
Procent ludzi z każdym wynikiem
Percentyl według liczby udzielonych odpowiedzi
Twoja historia wyników
Nie rozwiązałeś tego quizu